000 00740nam a2200229Ia 4500
005 20260429111915.0
008 260429s9999||||xx |||||||||||||| ||und||
020 _a9781041203421
041 _aEnglish
082 _a660.6
_bSAN
100 _aSangeetha, Jeyabalan
245 0 _aMicroalgal biotechnology :
_bbioprospecting microalgae for functional metabolites towards commercial and sustainable applications /
_cJeyabalan Sangeetha
250 _a1st ed.
260 _aUnited States :
_bApple Academic Press,
_c2023.
300 _ax, 322 p.; hb
440 _aInnovations in biotechnology
650 _a Microalgae
650 _aBiotechnology
700 _a Codreanu, Svetlana
700 _a Thangadurai, Devarajan
942 _cTB
999 _c51373
_d51373